Veselo na háklivú nôtu

Bibliographic Details
Main Author: Siska, Ladislav (Author)
Format: Article
Language:Slovak
Subjects:

MARC

LEADER 00000nab a2200000 a 4500
001 vtls000732356
003 SK-MaSNL
005 20260302192945.0
008 160324c1999 xo 0 slo
015 |a SNBRB2000/09-24105 
035 |a CLN000084472 
040 |a SNKBUCL  |b slo  |c SNKBUCL  |e AACR2 
041 0 |a slo 
044 |a xo  |c SK 
080 |a 613.88  |2 1997 
100 1 |a Siska, Ladislav  |4 aut  |9 366461 
245 1 0 |a Veselo na háklivú nôtu  |c Ladislav Siska 
300 |b Obr. 
650 0 7 |a sex  |2 snkbucl  |9 2586 
655 7 |a články z novín a časopisov  |2 snkbucl  |9 267496 
773 0 |x 1335-1281  |t Harmonia  |g Roč. 7, júl/august (1999), s. 72-73 
850 |a Slovenská národná knižnica v Martine 
852 |a SNK  |b KIS3GCP 
958 |a MI 
958 |a RBX 
999 |c 1442721  |d 1444651